00566nam a2200181 a 450000100100000000500170001000800410002702000150006804000250008308200150010810000290012324500420015226000320019430000210022649000390024750000570028683000410034300004394720201002045047.0140509s1974 sp 000 0 spa d a8421103067 aDO-SdBNPbspacBNPHU axxxxbxxxx1 aTrías, Eugenio,d1942-10aDrama e identidad /cEugenio Trías. aBarcelona :bBarral,c1974. a218 p. ;c20 cm.1 aBreve biblioteca de respuestav106 aIncluye datos biográficos del autor en las solapas 0aBreve biblioteca de respuesta ;n106